00809nam a2200205 a 450000100060000000300080000600500170001400800410003103500200007204000260009204100080011808200250012611000460015124502080019726000410040530000260044649000580047265000410053085600320057161458BD-RjUL20211209080951.0170118s1967 nyu||||| |||| 00| 0 eng d a(BD-RjUL) 61582 aBD-RjULbengcBD-RjUL aeng 223a338.91bDEM 1967 aDepartment of Economic and Social Affairs aMeasurement of the flow of resources to developing countries :ba report on methodological problems by a group of experts appointed by the Secretary-General /c Department of Economic and Social Affairs. aNew York :b United Nations, c1967. axv, 131 p. ;c21 cm.  aUnited Nations publication.v Sales no.: 67. II. D.17 aInternational development and growth 3United Nations publication.